000 00337pam a2200157a 44500
008 230515b2008 xxu||||| |||| 00| 0 eng d
020 _aNULL
041 _aMARATHI
082 _a830/MAH
100 _aS G MAHAJAN
245 _aPUNE SHAHARATIL MANDIRE
250 _a1
260 _aNULL
_bNA
_c2008
300 _a200
650 _aNULL
999 _c640965
_d640965